| 000 | 00586nam a2200181Ia 4500 | ||
|---|---|---|---|
| 005 | 20250923145304.0 | ||
| 008 | 008 250917s9999 xx 000 0 eng d | ||
| 037 | _aTextual | ||
| 040 |
_aDSWL _beng _cDSWL |
||
| 041 |
_aeng _2eng |
||
| 084 |
_aY12:45:6p2,N73, N73 _qDSWL |
||
| 100 |
_aVerma, Pripurnanand _9833711 |
||
| 245 | 0 |
_aJuvenile Delinquency Its Problems and Trade in India _cby Pripurnanand Varma |
|
| 260 |
_aLucknow _bAll India Crime Prevention Society _c1973 |
||
| 300 | _a43p. | ||
| 942 |
_cTEXL _hY12:45:6p2,N73, N73 |
||
| 999 |
_c1449510 _d1449510 |
||